[Event "Sachsen-ch U14 Girls"]
[Site "Sebnitz"]
[Date "2005.04.01"]
[Round "6"]
[White "Hartmann, Anne"]
[Black "Richter, Elisabeth"]
[Result "1-0"]
[WhiteElo "1027"]
[BlackElo "996"]
[PlyCount "43"]
[EventDate "2005.03.29"]
[EventType "swiss"]
[EventRounds "7"]
[EventCountry "GER"]
[SourceTitle "EXT 2007"]
[Source "ChessBase"]
[SourceDate "2006.11.23"]
[SourceVersion "1"]
[SourceVersionDate "2006.11.23"]
[SourceQuality "1"]

1. e4 e5 2. Nf3 Nc6 3. Bc4 Nf6 4. Nc3 Bc5 5. 0-0 0-0 6. d3 h6 7. Be3 Bxe3 8. fxe3 d6 9. d4 Ng4 10. Qe2 Nf6 11. Rad1 Bg4 12. Qf2 Qe7 13. Nd5 Nxe4 14. Nxe7+ Nxe7 15. Qh4 Bf5 16. Qxe7 Rac8 17. Nh4 g6 18. Nxf5 Ng5 19. Nxh6+ Kg7 20. Qxg5 f6 21. Nf5+ Kh7 22. Qh6# 1-0

[Event "Sachsen-ch U14 Girls"]
[Site "Sebnitz"]
[Date "2005.04.01"]
[Round "7"]
[White "Richter, Elisabeth"]
[Black "Roessler, Katharina"]
[Result "0-1"]
[WhiteElo "996"]
[BlackElo "919"]
[PlyCount "58"]
[EventDate "2005.03.29"]
[EventType "swiss"]
[EventRounds "7"]
[EventCountry "GER"]
[SourceTitle "EXT 2007"]
[Source "ChessBase"]
[SourceDate "2006.11.23"]
[SourceVersion "1"]
[SourceVersionDate "2006.11.23"]
[SourceQuality "1"]

1. e4 e5 2. Nf3 Nc6 3. Bc4 Bc5 4. 0-0 Nf6 5. Nc3 d6 6. h3 h6 7. d3 g5 8. Nd5 Bd7 9. Nxg5 Nxd5 10. exd5 hxg5 11. dxc6 Bxc6 12. Qg4 f6 13. Re1 Qe7 14. c3 Bd7 15. Qe4 0-0-0 16. d4 Bb6 17. Ba6 Bc6 18. Qxc6 bxa6 19. Qe4 Rdg8 20. f3 Qe6 21. g4 Rxh3 22. Be3 Qc4 23. Qf5+ Kb8 24. Qxf6 Rgh8 25. b3 Qxc3 26. Rac1 Rh1+ 27. Kf2 Qb2+ 28. Re2 R1h2+ 29. Kg1 Qxe2 0-1